| 000 | 00742cab a2200217 4500 | ||
|---|---|---|---|
| 001 | ABS40515 | ||
| 008 | 090401t1989 xxu||||| |||| 00| 0 eng d | ||
| 035 | _a(Sirsi) u24442 | ||
| 041 | _aeng | ||
| 100 | _aDonaldson, K. | ||
| 245 | _aExpert systems in housing | ||
| 260 | _c1989 | ||
| 350 | _a0 | ||
| 490 |
_aBURISA _v(87) February 1989, 4-8(5) |
||
| 520 | _aDescribes a joint project by Hastings BC and ICL to develop expert systems for housing departments. Sets out the case for expert systems, examines one particular system, ADVISER and discusses its use in a local authority housing department. | ||
| 650 | _aCOMPUTERS | ||
| 650 | _aCOUNCIL HOUSING | ||
| 690 | _aPRACTICE AND TECHNIQUES | ||
| 942 | _n0 | ||
| 948 | _c04/03/1997 | ||
| 999 |
_c16390 _d16390 |
||